000 01561nam a2200457 i 4500
001 9915304193805606
003 NyNyJPI
005 20260413161854.0
008 260129s2026 pl a |000 0cpol c
009 b1000007639821
020 _a9788368647181
_q(oprawa miękka) :
_czł 69,90
035 _a(PL)b1000007639821
040 _aMBPWR
_cMBPWR
_dMBPWR
_dMBPG
_dPOZN M
_dWR O
_dKOSZ W
046 _k2026
080 _81.1\x
_a314.15-026.49
080 _81.2\x
_a929-052(438)"19"
100 1 _aŻelazowska, Magdalena
_d(1984- )
_eAutor
245 1 0 _aPolki w Ameryce :
_bhistorie kobiet, które wyruszyły za ocean i podbiły świat /
_cMagdalena Żelazowska.
246 3 0 _aHistorie kobiet, które wyruszyły za ocean i podbiły świat
250 _aWydanie pierwsze.
260 _aWarszawa :
_bLuna,
_c2026.
300 _a374, [2] strony :
_bfaksymilia, fotografie, ilustracje;
_c23 cm.
336 _aTekst
_btxt
_2rdacontent
337 _aBez urządzenia pośredniczącego
_bn
_2rdamedia
338 _aWolumin
_bnc
_2rdacarrier
380 _aKsiążki
380 _aLiteratura faktu, eseje, publicystyka
386 _mPrzynależność kulturowa
_aLiteratura polska
388 1 _a2001-
504 _aBibliografia na stronach 369-375.
650 7 _aKobieta
_2DBN
650 7 _aEmigracja
_2DBN
650 7 _aPolacy za granicą
_2DBN
650 7 _aSukces
_2DBN
651 7 _aAmeryka
_2DBN
655 7 _aBiografia
_2DBN
658 _aKultura i sztuka
658 _aHistoria
710 2 _aWydawnictwo Marginesy
_eWydawca
_4pbl
942 _2z
_cBK
_n0
999 _c91100
_d91100